Score 0/20 Timer 07:00
4 Plays Today
% Correct
San Francisco, California, USA
98.8%
Sydney, Australia
95.5%
Seattle, Washington, USA
92.4%
Shanghai, China
79.2%
St. Louis, Missouri, USA
76.7%
Saint Petersburg, Russia
73.5%
Stockholm, Sweden
68.3%
Santiago, Chile
65.6%
Singapore, Singapore
61.6%
Seoul, South Korea
58%
% Correct
São Paulo, Brazil
57.4%
San Antonio, Texas, USA
57.3%
Seville, Spain
51%
Sofia, Bulgaria
36.5%
San‘a’, Yemen
32.4%
Sarajevo, Bosnia and Herzegovina
30.6%
Salzburg, Austria
27.9%
Sapporo, Japan
24%
San Juan, Puerto Rico, USA
22.9%
Samarkand, Uzbekistan
17.3%

You're not logged in!

Compare scores with friends on all Sporcle quizzes.
OR
Log In

Sporcle TV

Today on Sporcle TV


Watch our educational content, quiz creation guides, and fun videos on Sporcle TV.

Show Comments

Extras

Top Quizzes Today


Score Distribution

Paid Content

Your Account Isn't Verified!

In order to create a playlist on Sporcle, you need to verify the email address you used during registration. Go to your Sporcle Settings to finish the process.

Report this User

Report this user for behavior that violates our Community Guidelines.

Details: